Top 5 Jewish Populations by Continent in 1900 - Statistics

General Stats
  • This quiz has been taken 208 times
  • The average score is 18 of 21
Answer Stats
Answer % Correct
Russian Empire (Asian) 89,635
97%
Russian Empire (European) 3,907,102
97%
United States 1,500,000
96%
Canada 22,500
95%
Germany 586,948
95%
Australia 15,122
94%
New Zealand 1,611
93%
Poland 1,316,776
92%
Morocco 109,712
89%
Algeria 51,044
88%
South Africa 50,000
87%
China 2,000
85%
India 18,228
85%
Ethiopia 50,000
84%
Tunisia 62,545
84%
Iran 35,000
83%
Argentina 20,000
79%
Brazil 2,000
76%
Romania 269,015
71%
Hungary 851,378
68%
Yemen 30,000
52%
No matching quizzes found
Score Distribution
Percent of People with Each Score
Percentile by Number Answered
Your Score History
You have not taken this quiz